00647nam a22001937a 4500003000500000005001700005008004100022010001000063011001000073035001000083040000900093100003300102245007900135260004000214300000900254502011600263650003600379650003800415CHAP20220329134929.0971013s1995 r 00010 d a28252 a29224 a33335 cCHAP00aMendoza Briseño, Mauricio. aEconomía de los Parques Nacionales Mexicanos, estudio del caso Zoquiapan aChapingo, Méx. :bEl autor,c1995 a74 h aTesis (Ing. Forestal con Orientación en Economía y Ordenación) -- UACH. División de Ciencias Forestales14aBosquesxAspectos económicos.14aParque Nacional Zoquiapan, Méx.